[Event "Bhubaneswar op 16th"]
[Site "Bhubaneswar"]
[Date "2025.05.16"]
[Round "10"]
[White "Manik, Mikulas"]
[Black "Wijerathna, Vinuka Dihain"]
[Result "1-0"]
[WhiteElo "2297"]
[BlackElo "2063"]
[PlyCount "105"]
[EventDate "2025.05.09"]
[EventType "swiss"]
[EventRounds "10"]
[EventCountry "IND"]
[SourceTitle "CB21_2025"]
[SourceDate "2025.05.21"]
[SourceVersion "1"]
[SourceVersionDate "2025.05.21"]
[SourceQuality "1"]

1. e4 e5 2. Nf3 Nc6 3. Bb5 Bc5 4. c3 Nf6 5. d4 exd4 6. e5 Nd5 7. cxd4 Be7 8. 0-0 d6 9. Nc3 Be6 10. Ne4 h6 11. Bd2 0-0 12. Rc1 Nb6 13. Re1 Bd5 14. Bd3 dxe5 15. Nxe5 Nxe5 16. dxe5 Bxe4 17. Bxe4 c6 18. Re3 Bg5 19. Rd3 Bxd2 20. Rxd8 Raxd8 21. Rc2 Bf4 22. Qf3 Bxe5 23. g3 g6 24. Re2 Bg7 25. Qa3 Nc8 26. Qb3 Rfe8 27. Qxb7 Nd6 28. Qxc6 Nxe4 29. Rxe4 Rxe4 30. Qxe4 Bxb2 31. Qe3 Bd4 32. Qxh6 Bb6 33. Kg2 Rd5 34. Qc1 Rd4 35. h4 Kh7 36. Qg5 Re4 37. Qd5 Re6 38. h5 gxh5 39. Qxh5+ Kg7 40. Qd1 Kf8 41. f4 Ke7 42. g4 Rd6 43. Qe2+ Re6 44. Qc4 Rd6 45. g5 Rd4 46. Qc3 Rd6 47. f5 Bd8 48. Qe3+ Kf8 49. f6 Rd5 50. Kh3 Rd7 51. Qc5+ Ke8 52. Qc6 Bb6 53. g6 1-0

[Event "Bhubaneswar op 16th"]
[Site "Bhubaneswar"]
[Date "2025.05.12"]
[Round "5"]
[White "Weerawardane, Romesh"]
[Black "Manik, Mikulas"]
[Result "0-1"]
[WhiteElo "1892"]
[BlackElo "2297"]
[PlyCount "66"]
[EventDate "2025.05.09"]
[EventType "swiss"]
[EventRounds "10"]
[EventCountry "IND"]
[SourceTitle "CB21_2025"]
[SourceDate "2025.05.21"]
[SourceVersion "1"]
[SourceVersionDate "2025.05.21"]
[SourceQuality "1"]

1. d4 Nf6 2. c4 g6 3. Nc3 Bg7 4. e4 d6 5. Nf3 0-0 6. Be2 e5 7. 0-0 exd4 8. Nxd4 Re8 9. Be3 Nxe4 10. Nxe4 Rxe4 11. Bf3 Re8 12. Qb3 Nd7 13. Rad1 Ne5 14. Be2 Ng4 15. Bxg4 Bxg4 16. f3 Bd7 17. Bf2 b6 18. Qc2 Qf6 19. b3 Re7 20. Rfe1 Rae8 21. Rxe7 Rxe7 22. Qd2 h5 23. Be3 Re8 24. h3 c5 25. Nc2 Qb2 26. g4 hxg4 27. hxg4 Qxa2 28. Qd3 Bc6 29. Kg2 Rxe3 30. Qxe3 Qxc2+ 31. Rd2 Qc1 32. Qd3 Bd4 33. Rd1 Qf4 0-1

[Event "Bhubaneswar op 16th"]
[Site "Bhubaneswar"]
[Date "2025.05.11"]
[Round "3"]
[White "Charan, Sandipagu"]
[Black "Manik, Mikulas"]
[Result "1/2-1/2"]
[WhiteElo "1964"]
[BlackElo "2297"]
[PlyCount "92"]
[EventDate "2025.05.09"]
[EventType "swiss"]
[EventRounds "10"]
[EventCountry "IND"]
[SourceTitle "CB21_2025"]
[SourceDate "2025.05.21"]
[SourceVersion "1"]
[SourceVersionDate "2025.05.21"]
[SourceQuality "1"]

1. e4 c5 2. Nf3 d6 3. d4 cxd4 4. Nxd4 Nf6 5. Nc3 Nc6 6. Bg5 e6 7. Qd3 Bd7 8. 0-0-0 a6 9. f4 Qa5 10. Nb3 Qc7 11. Be2 Be7 12. Bf3 h6 13. Bxf6 gxf6 14. Rhe1 0-0-0 15. Kb1 Kb8 16. a3 Bc8 17. Bh5 Rdf8 18. Qe2 Na5 19. Nxa5 Qxa5 20. Rd3 f5 21. b4 Qc7 22. exf5 Bd8 23. Red1 d5 24. Qe5 Qxe5 25. fxe5 Bc7 26. Re1 Rhg8 27. g4 exf5 28. Nxd5 fxg4 29. Nf6 Rg5 30. Nh7 Rxh5 31. Nxf8 Rxh2 32. Nd7+ Bxd7 33. Rxd7 g3 34. Rxf7 Bxe5 35. Rxe5 Rh1+ 36. Kb2 g2 37. Re8+ Ka7 38. Rg7 g1Q 39. Rxg1 Rxg1 40. c4 Rg2+ 41. Kb3 Rg3+ 42. Ka4 Rc3 43. c5 b5+ 44. cxb6+ Kxb6 45. Rb8+ Ka7 46. Rh8 Rh3 1/2-1/2

[Event "Bhubaneswar op 16th"]
[Site "Bhubaneswar"]
[Date "2025.05.11"]
[Round "4"]
[White "Manik, Mikulas"]
[Black "Samuel Stephen Noble, S."]
[Result "1/2-1/2"]
[WhiteElo "2297"]
[BlackElo "2007"]
[PlyCount "25"]
[EventDate "2025.05.09"]
[EventType "swiss"]
[EventRounds "10"]
[EventCountry "IND"]
[SourceTitle "CB21_2025"]
[SourceDate "2025.05.21"]
[SourceVersion "1"]
[SourceVersionDate "2025.05.21"]
[SourceQuality "1"]

1. e4 e5 2. Nf3 Nc6 3. Bb5 a6 4. Ba4 Nf6 5. 0-0 d6 6. Re1 Bd7 7. c3 g6 8. h3 Bg7 9. d4 0-0 10. Nbd2 exd4 11. cxd4 Nb4 12. e5 Bxa4 13. Qxa4 1/2-1/2

[Event "Maharashtra op 3rd"]
[Site "Hadapsar"]
[Date "2025.04.20"]
[Round "1"]
[White "Manik, Mikulas"]
[Black "Gupta, Abhijeet"]
[Result "1/2-1/2"]
[WhiteElo "2273"]
[BlackElo "2576"]
[PlyCount "91"]
[EventDate "2025.04.20"]
[EventType "swiss"]
[EventRounds "10"]
[EventCountry "IND"]
[SourceTitle "CB18_2025"]
[SourceDate "2025.04.30"]
[SourceVersion "1"]
[SourceVersionDate "2025.04.30"]
[SourceQuality "1"]

1. e4 c5 2. Nf3 d6 3. d4 cxd4 4. Nxd4 Nf6 5. Nc3 Nc6 6. Bg5 e6 7. Bb5 Bd7 8. Qd3 h6 9. Bh4 Be7 10. 0-0-0 Nxd4 11. Bxd7+ Nxd7 12. Bxe7 Kxe7 13. Qxd4 Qb6 14. f4 Qxd4 15. Rxd4 Rhd8 16. Rhd1 Nf6 17. Nb5 Ne8 18. c4 a6 19. Nc3 Nf6 20. a4 g5 21. g3 Rac8 22. b3 gxf4 23. gxf4 Nh5 24. e5 dxe5 25. fxe5 Rxd4 26. Rxd4 Ng7 27. Rd6 Nf5 28. Rb6 Rc7 29. Ne4 Nd4 30. Nd6 Nf3 31. Rxb7 Rxb7 32. Nxb7 Nxe5 33. a5 Nc6 34. Nc5 Nb4 35. Kd2 Kd6 36. Nd3 Nc6 37. b4 e5 38. Kc3 f5 39. Nc5 Nxa5 40. Nxa6 Nc6 41. b5 Nd4 42. c5+ Kd7 43. b6 Kc6 44. Nb4+ Kb7 45. Kc4 Nc6 46. Nxc6 1/2-1/2

[Event "SVK-chT1E 2425"]
[Site "Slovakia"]
[Date "2025.02.02"]
[Round "7.3"]
[White "Manik, Mikulas"]
[Black "Michalicka, Milan"]
[Result "1/2-1/2"]
[WhiteElo "2262"]
[BlackElo "2051"]
[PlyCount "101"]
[EventDate "2024.11.16"]
[EventType "team-tourn"]
[EventRounds "11"]
[EventCountry "SVK"]
[SourceTitle "CB14_2025"]
[SourceDate "2024.11.01"]
[SourceVersion "1"]
[SourceVersionDate "2024.11.01"]
[SourceQuality "1"]
[WhiteTeam "Zákamenne Tatran"]
[BlackTeam "Banska Bystrica Junior"]
[WhiteTeamCountry "SVK"]
[BlackTeamCountry "SVK"]

1. e4 c5 2. Nf3 e6 3. d4 cxd4 4. Nxd4 Nc6 5. Nc3 Qc7 6. f4 a6 7. Nxc6 bxc6 8. Bd3 d5 9. 0-0 Bc5+ 10. Kh1 Nf6 11. Qe2 0-0 12. Bd2 Be7 13. Rae1 Re8 14. e5 Nd7 15. Na4 Nc5 16. Nxc5 Bxc5 17. c4 g6 18. Rc1 Qa7 19. Rc2 Bd7 20. Rfc1 Rec8 21. g4 Bf8 22. c5 a5 23. f5 Re8 24. b3 Bc8 25. Bg5 Ba6 26. Bf6 Bxd3 27. Qxd3 Rab8 28. Qh3 Rb4 29. Rc3 h6 30. Rf1 Qa6 31. Rcf3 Qe2 32. R1f2 Qe1+ 33. Rf1 Qe4 34. fxg6 fxg6 35. Qg2 Bxc5 36. Rc1 Rd4 37. Rh3 Qxg2+ 38. Kxg2 Rd2+ 39. Kf1 Bf8 40. Rxc6 Rxa2 41. Rhc3 a4 42. bxa4 Rxa4 43. h3 Ra2 44. Rc8 Rxc8 45. Rxc8 Ra7 46. Ke2 Kf7 47. h4 Bg7 48. g5 h5 49. Rb8 Bf8 50. Rc8 Ra2+ 51. Kf3 1/2-1/2

[Event "SVK-chT1E 2425"]
[Site "Slovakia"]
[Date "2025.02.01"]
[Round "6.3"]
[White "Seget, Milan"]
[Black "Manik, Mikulas"]
[Result "0-1"]
[WhiteElo "2050"]
[BlackElo "2262"]
[PlyCount "60"]
[EventDate "2024.11.16"]
[EventType "team-tourn"]
[EventRounds "11"]
[EventCountry "SVK"]
[SourceTitle "CB14_2025"]
[SourceDate "2024.11.01"]
[SourceVersion "1"]
[SourceVersionDate "2024.11.01"]
[SourceQuality "1"]
[WhiteTeam "Zvolen Slavia"]
[BlackTeam "Zákamenne Tatran"]
[WhiteTeamCountry "SVK"]
[BlackTeamCountry "SVK"]

1. d4 Nf6 2. c4 g6 3. Nc3 Bg7 4. e4 d6 5. Be2 0-0 6. h4 h5 7. f3 Nc6 8. Be3 e5 9. d5 Nd4 10. Qd2 c5 11. dxc6 bxc6 12. Bd3 d5 13. Nge2 Nxe2 14. Nxe2 dxe4 15. Bxe4 Nxe4 16. fxe4 Bg4 17. Qxd8 Rfxd8 18. Kf2 f5 19. exf5 gxf5 20. Bg5 Rd3 21. Rad1 e4 22. Rxd3 exd3 23. Nc1 d2 24. Bxd2 Bxb2 25. Bg5 Bd4+ 26. Kg3 Re8 27. Nd3 Be5+ 28. Kf2 Bc7 29. Ne1 Re4 30. c5 Be5 0-1

[Event "Madurai Athens of the East op-A 4th"]
[Site "Madurai"]
[Date "2024.12.28"]
[Round "6"]
[White "Aronyak, Ghosh"]
[Black "Manik, Mikulas"]
[Result "1-0"]
[WhiteElo "2547"]
[BlackElo "2326"]
[PlyCount "89"]
[EventDate "2024.12.24"]
[EventType "swiss"]
[EventRounds "10"]
[EventCountry "IND"]
[SourceTitle "CB02_2025"]
[SourceDate "2025.01.08"]
[SourceVersion "1"]
[SourceVersionDate "2025.01.08"]
[SourceQuality "1"]

1. d4 Nf6 2. c4 g6 3. g3 c5 4. dxc5 Qa5+ 5. Nc3 Bg7 6. Bg2 Qxc5 7. Bd2 0-0 8. Rc1 d6 9. b3 Nc6 10. Nf3 Bf5 11. Nh4 Bd7 12. h3 Rac8 13. 0-0 Qh5 14. Bf3 Qc5 15. Kh2 g5 16. Ng2 Qf5 17. g4 Qe5+ 18. Kg1 h5 19. Ne3 Nd4 20. Ncd5 Nxd5 21. Nxd5 hxg4 22. hxg4 Bc6 23. Re1 f5 24. Bc3 fxg4 25. Bxd4 Qxd4 26. Nxe7+ Kh8 27. Qxd4 Bxd4 28. Nxc8 gxf3 29. Ne7 Be8 30. exf3 Rxf3 31. Rc2 Bh5 32. Re6 Kh7 33. Rxd6 Bc5 34. Rd7 Bg4 35. Rxb7 Rf7 36. Nd5 Rxb7 37. Nf6+ Kg6 38. Nxg4 Kf5 39. Ne3+ Bxe3 40. fxe3 Ke4 41. Rc3 Rd7 42. c5 Kf3 43. e4+ Kxe4 44. c6 Rc7 45. Rc5 1-0

[Event "Bhubaneswar Odisha op"]
[Site "Bhubaneswar"]
[Date "2024.12.21"]
[Round "9"]
[White "Manik, Mikulas"]
[Black "Madhvendra, Pratap Sharma"]
[Result "1/2-1/2"]
[WhiteElo "2326"]
[BlackElo "2205"]
[PlyCount "65"]
[EventDate "2024.12.15"]
[EventType "swiss"]
[EventRounds "10"]
[EventCountry "IND"]
[SourceTitle "CB52_2024"]
[SourceDate "2024.12.25"]
[SourceVersion "1"]
[SourceVersionDate "2024.12.25"]
[SourceQuality "1"]

1. e4 e6 2. d4 d5 3. Nc3 Bb4 4. e5 c5 5. a3 Ba5 6. b4 cxd4 7. Nb5 Bc7 8. f4 Bd7 9. Nxc7+ Qxc7 10. Nf3 Ba4 11. Bd3 Ne7 12. 0-0 a6 13. Nxd4 Nbc6 14. Be3 Nxd4 15. Bxd4 Bb5 16. Bc5 Bxd3 17. Qxd3 g6 18. Rae1 h5 19. Qh3 Nf5 20. Qb3 Qc6 21. a4 b6 22. Bd6 Nxd6 23. exd6 0-0 24. d7 Qxd7 25. Qg3 Kh7 26. Re5 Rae8 27. Qd3 Kg7 28. Qxa6 Ra8 29. Qxb6 Qxa4 30. Qd4 Kg8 31. c3 Qc2 32. Rg5 Rfc8 33. f5 1/2-1/2

[Event "Bhubaneswar Odisha op"]
[Site "Bhubaneswar"]
[Date "2024.12.19"]
[Round "7"]
[White "Manik, Mikulas"]
[Black "Ayush, Sharma"]
[Result "1-0"]
[WhiteElo "2326"]
[BlackElo "2466"]
[PlyCount "65"]
[EventDate "2024.12.15"]
[EventType "swiss"]
[EventRounds "10"]
[EventCountry "IND"]
[SourceTitle "CB52_2024"]
[SourceDate "2024.12.25"]
[SourceVersion "1"]
[SourceVersionDate "2024.12.25"]
[SourceQuality "1"]

1. e4 c5 2. Nf3 d6 3. d4 cxd4 4. Nxd4 Nf6 5. Nc3 a6 6. Bg5 Nbd7 7. Qe2 b5 8. g4 Bb7 9. Bg2 e6 10. 0-0-0 Be7 11. f4 b4 12. Na4 Qc7 13. e5 dxe5 14. Bxb7 Qxb7 15. fxe5 Nd5 16. h4 Rc8 17. Kb1 0-0 18. Bxe7 Nxe7 19. h5 Rfd8 20. h6 Ng6 21. hxg7 Kxg7 22. Qh2 Ndf8 23. Nc5 Qc7 24. Ndxe6+ fxe6 25. Nxe6+ Nxe6 26. Qxh7+ Kf8 27. Rdf1+ Nef4 28. Rxf4+ Nxf4 29. Qh8+ Kf7 30. Qf6+ Ke8 31. Rh8+ Kd7 32. Rh7+ Ke8 33. Qh8# 1-0

[Event "Bhubaneswar op-A 15th"]
[Site "Bhubaneswar"]
[Date "2024.12.09"]
[Round "10"]
[White "Manik, Mikulas"]
[Black "Siddhanth, Poonja"]
[Result "1/2-1/2"]
[WhiteElo "2326"]
[BlackElo "2042"]
[PlyCount "21"]
[EventDate "2024.12.02"]
[EventType "swiss"]
[EventRounds "10"]
[EventCountry "IND"]
[SourceTitle "CB50_2024"]
[SourceDate "2024.11.01"]
[SourceVersion "1"]
[SourceVersionDate "2024.11.01"]
[SourceQuality "2"]

1. e4 c5 2. Nf3 Nc6 3. Bb5 e6 4. 0-0 Nge7 5. Re1 a6 6. Bxc6 Nxc6 7. d4 cxd4 8. Nxd4 Qc7 9. Nxc6 bxc6 10. Nd2 d5 11. Qh5 1/2-1/2

[Event "Bhubaneswar op-A 15th"]
[Site "Bhubaneswar"]
[Date "2024.12.08"]
[Round "9"]
[White "Kavinda, Akila"]
[Black "Manik, Mikulas"]
[Result "0-1"]
[WhiteElo "1939"]
[BlackElo "2326"]
[PlyCount "88"]
[EventDate "2024.12.02"]
[EventType "swiss"]
[EventRounds "10"]
[EventCountry "IND"]
[SourceTitle "CB50_2024"]
[SourceDate "2024.11.01"]
[SourceVersion "1"]
[SourceVersionDate "2024.11.01"]
[SourceQuality "2"]

1. e4 c5 2. Nf3 Nc6 3. Bb5 g6 4. Bxc6 dxc6 5. d3 Bg7 6. h3 Nf6 7. Nc3 Qc7 8. Be3 b6 9. Qd2 h6 10. Bf4 Qd8 11. Ne5 Bb7 12. a4 a5 13. 0-0 Nd7 14. Nxd7 Qxd7 15. e5 c4 16. Qe3 cxd3 17. Qxb6 c5 18. cxd3 0-0 19. Qxc5 Rac8 20. Qxa5 Bc6 21. Qa6 Ra8 22. Qb6 Rfb8 23. Qc5 Rxb2 24. Rfb1 Rxb1+ 25. Rxb1 Rc8 26. Qe3 Bxg2 27. Ne4 Bxh3 28. Kh2 Qg4 29. Rg1 Qh4 30. Qg3 Qxg3+ 31. Bxg3 Bd7 32. a5 Bb5 33. d4 Rc4 34. Ra1 Rxd4 35. Nc3 Ba6 36. Rb1 h5 37. Kg2 h4 38. Bh2 h3+ 39. Kg1 Rg4+ 40. Kh1 Rc4 41. Nd5 Rc5 42. Rb8+ Kh7 43. Nxe7 Rc1+ 44. Bg1 h2 0-1

[Event "SVK-chT1E 2425"]
[Site "Slovakia"]
[Date "2024.11.17"]
[Round "2.3"]
[White "Hudak, Vasil"]
[Black "Manik, Mikulas"]
[Result "0-1"]
[WhiteElo "1950"]
[BlackElo "2326"]
[PlyCount "52"]
[EventDate "2024.11.16"]
[EventType "team-tourn"]
[EventRounds "11"]
[EventCountry "SVK"]
[SourceTitle "CB51_2024"]
[SourceDate "2024.12.18"]
[SourceVersion "1"]
[SourceVersionDate "2024.12.18"]
[SourceQuality "1"]
[WhiteTeam "Kosice Slavia TU"]
[BlackTeam "Zákamenne Tatran"]
[WhiteTeamCountry "SVK"]
[BlackTeamCountry "SVK"]

1. e4 c5 2. Nf3 d6 3. d4 cxd4 4. Nxd4 Nf6 5. Nc3 Nc6 6. Bg5 e6 7. Qd2 a6 8. 0-0-0 Bd7 9. Qe1 Qa5 10. f4 Be7 11. Nb3 Qc7 12. Be2 b5 13. Bf3 b4 14. Ne2 Rc8 15. Kb1 a5 16. Rc1 a4 17. Nbd4 Nxd4 18. Nxd4 a3 19. bxa3 bxa3 20. e5 dxe5 21. fxe5 Ne4 22. Bxe4 Bxg5 23. Rd1 Qb8+ 24. Nb3 Qxe5 25. Rd4 Bf6 26. c3 Qc7 0-1

[Event "SVK-chT1E 2425"]
[Site "Slovakia"]
[Date "2024.11.16"]
[Round "1.3"]
[White "Manik, Mikulas"]
[Black "Frindt, Kornel"]
[Result "1-0"]
[WhiteElo "2326"]
[BlackElo "2120"]
[PlyCount "77"]
[EventDate "2024.11.16"]
[EventType "team-tourn"]
[EventRounds "11"]
[EventCountry "SVK"]
[SourceTitle "CB51_2024"]
[SourceDate "2024.12.18"]
[SourceVersion "1"]
[SourceVersionDate "2024.12.18"]
[SourceQuality "1"]
[WhiteTeam "Zákamenne Tatran"]
[BlackTeam "Kosice Slavia UPJS"]
[WhiteTeamCountry "SVK"]
[BlackTeamCountry "SVK"]

1. e4 c5 2. Nf3 Nc6 3. Bb5 g6 4. Bxc6 dxc6 5. h3 Bg7 6. d3 Nf6 7. Nc3 Nd7 8. Be3 e5 9. Qd2 h6 10. 0-0 Qe7 11. Nh2 g5 12. Ne2 Nf8 13. Ng3 Ng6 14. Nf5 Bxf5 15. exf5 Nf4 16. Bxf4 gxf4 17. Rfe1 Bf6 18. Ng4 0-0-0 19. Re4 h5 20. Nxf6 Qxf6 21. Qc3 Rd4 22. Qxc5 Rxe4 23. dxe4 Rg8 24. Kh2 b6 25. Qa3 Qg5 26. Qf3 Rd8 27. Rd1 h4 28. Qg4 Qf6 29. Rxd8+ Qxd8 30. f6+ Kb7 31. Qxh4 Ka6 32. f3 Qd2 33. Qg5 Qd4 34. h4 Qxb2 35. h5 Qxc2 36. h6 Qf2 37. h7 c5 38. h8Q c4 39. Qc8+ 1-0

[Event "SVK-chT2D 2425"]
[Site "Slovakia"]
[Date "2024.11.09"]
[Round "1.1"]
[White "Elias, David"]
[Black "Manik, Mikulas"]
[Result "0-1"]
[WhiteElo "2255"]
[BlackElo "2318"]
[PlyCount "60"]
[EventDate "2024.11.09"]
[EventType "team-tourn"]
[EventRounds "11"]
[EventCountry "SVK"]
[SourceTitle "CB51_2024"]
[SourceDate "2024.12.18"]
[SourceVersion "1"]
[SourceVersionDate "2024.12.18"]
[SourceQuality "1"]
[WhiteTeam "Humenne Reinter III"]
[BlackTeam "Kosice 1 CC"]
[WhiteTeamCountry "SVK"]
[BlackTeamCountry "SVK"]

1. d4 Nf6 2. c4 g6 3. Nc3 Bg7 4. e4 d6 5. Be2 0-0 6. h4 h5 7. Nf3 Bg4 8. Bg5 Nc6 9. d5 Bxf3 10. gxf3 Ne5 11. f4 Ned7 12. Rg1 c6 13. f5 Qb6 14. Na4 Qc7 15. Bxf6 Nxf6 16. Nc3 Qb6 17. Qd2 Kh7 18. Qc2 Nd7 19. Rg2 Bh6 20. e5 Nxe5 21. fxg6+ fxg6 22. Bxh5 Rf4 23. Bxg6+ Kh8 24. Ne4 cxd5 25. cxd5 Rxh4 26. Ng3 Rc4 27. Qf5 Qxb2 28. Rd1 Rc1 29. Rxc1 Qxc1+ 30. Ke2 Qd2+ 0-1

[Event "Tamil Nadu IM 29th"]
[Site "Coimbatore"]
[Date "2024.09.29"]
[Round "9"]
[White "Manik, Mikulas"]
[Black "Aakash, G2."]
[Result "1/2-1/2"]
[WhiteElo "2316"]
[BlackElo "2279"]
[PlyCount "63"]
[EventDate "2024.09.23"]
[EventType "tourn"]
[EventRounds "9"]
[EventCountry "IND"]
[EventCategory "1"]
[SourceTitle "EXT 2025"]
[Source "ChessBase"]
[SourceDate "2024.10.14"]
[SourceVersion "1"]
[SourceVersionDate "2024.10.14"]
[SourceQuality "1"]

1. e4 e6 2. d4 d5 3. Nc3 Nf6 4. e5 Nfd7 5. f4 c5 6. Nf3 Nc6 7. Be3 a6 8. Qd2 b5 9. dxc5 Bxc5 10. Bd3 Qb6 11. Bf2 0-0 12. 0-0 f6 13. exf6 Rxf6 14. a3 Bxf2+ 15. Rxf2 Nc5 16. Re1 Bd7 17. Ne5 Nxe5 18. fxe5 Rxf2 19. Qxf2 b4 20. axb4 Qxb4 21. Rf1 Nxd3 22. Qf7+ Kh8 23. cxd3 Qb6+ 24. d4 Qd8 25. g3 Qe8 26. Qxe8+ Rxe8 27. Rf7 Rd8 28. h4 Kg8 29. Rf2 a5 30. Kg2 a4 31. Kf3 Rc8 32. Ke3 1/2-1/2

[Event "Tamil Nadu IM 29th"]
[Site "Coimbatore"]
[Date "2024.09.25"]
[Round "4"]
[White "Manik, Mikulas"]
[Black "Tologontegin, Semetey"]
[Result "1/2-1/2"]
[WhiteElo "2316"]
[BlackElo "2337"]
[PlyCount "26"]
[EventDate "2024.09.23"]
[EventType "tourn"]
[EventRounds "9"]
[EventCountry "IND"]
[EventCategory "1"]
[SourceTitle "EXT 2025"]
[Source "ChessBase"]
[SourceDate "2024.10.14"]
[SourceVersion "1"]
[SourceVersionDate "2024.10.14"]
[SourceQuality "1"]

1. e4 e5 2. Nf3 Nc6 3. Bb5 a6 4. Ba4 Nf6 5. 0-0 Be7 6. Re1 b5 7. Bb3 0-0 8. h3 d6 9. c3 Re8 10. Ng5 Rf8 11. Nf3 Re8 12. Ng5 Rf8 13. Nf3 Re8 1/2-1/2

[Event "Tamil Nadu IM 28th"]
[Site "Coimbatore"]
[Date "2024.09.15"]
[Round "1"]
[White "Dinesh, Rajan M"]
[Black "Manik, Mikulas"]
[Result "1/2-1/2"]
[WhiteElo "2258"]
[BlackElo "2316"]
[PlyCount "60"]
[EventDate "2024.09.15"]
[EventType "tourn"]
[EventRounds "9"]
[EventCountry "IND"]
[EventCategory "1"]
[SourceTitle "EXT 2025"]
[Source "ChessBase"]
[SourceDate "2024.10.14"]
[SourceVersion "1"]
[SourceVersionDate "2024.10.14"]
[SourceQuality "1"]

1. e4 c5 2. Nf3 d6 3. d4 cxd4 4. Nxd4 Nf6 5. Nc3 Nc6 6. Bg5 e6 7. Bb5 Bd7 8. Qd3 h6 9. Bh4 Ne5 10. Qh3 Rc8 11. 0-0-0 Bxb5 12. Ndxb5 a6 13. f4 Ng6 14. Nxd6+ Bxd6 15. e5 Nxh4 16. Qxh4 Rxc3 17. Rxd6 Qa5 18. exf6 0-0 19. Rhd1 Rc4 20. fxg7 Rfc8 21. Rd8+ Kxg7 22. Qg3+ Kf6 23. Qh4+ Kg7 24. Rxc8 Rxc8 25. Rd3 Qxa2 26. Rg3+ Kh7 27. Qf6 Qa1+ 28. Kd2 Qa5+ 29. c3 Qd8+ 30. Qxd8 Rxd8+ 1/2-1/2

[Event "Tamil Nadu IM 27th"]
[Site "Coimbatore"]
[Date "2024.09.13"]
[Round "9"]
[White "Podolchenko, Evgeniy"]
[Black "Manik, Mikulas"]
[Result "1/2-1/2"]
[WhiteElo "2338"]
[BlackElo "2316"]
[PlyCount "25"]
[EventDate "2024.09.07"]
[EventType "tourn"]
[EventRounds "9"]
[EventCountry "IND"]
[EventCategory "1"]
[SourceTitle "EXT 2025"]
[Source "ChessBase"]
[SourceDate "2024.10.14"]
[SourceVersion "1"]
[SourceVersionDate "2024.10.14"]
[SourceQuality "1"]

1. d4 Nf6 2. c4 g6 3. Nc3 Bg7 4. e4 d6 5. f3 0-0 6. Be3 e5 7. d5 Nh5 8. Qd2 Qh4+ 9. Bf2 Qf4 10. Be3 Qh4+ 11. Bf2 Qf4 12. Be3 Qh4+ 13. Bf2 1/2-1/2

[Event "Tamil Nadu IM 27th"]
[Site "Coimbatore"]
[Date "2024.09.11"]
[Round "7"]
[White "Manik, Mikulas"]
[Black "Vahidov, Tair"]
[Result "1-0"]
[WhiteElo "2316"]
[BlackElo "2345"]
[PlyCount "63"]
[EventDate "2024.09.07"]
[EventType "tourn"]
[EventRounds "9"]
[EventCountry "IND"]
[EventCategory "1"]
[SourceTitle "EXT 2025"]
[Source "ChessBase"]
[SourceDate "2024.10.14"]
[SourceVersion "1"]
[SourceVersionDate "2024.10.14"]
[SourceQuality "1"]

1. e4 e5 2. Nf3 Nf6 3. Nxe5 d6 4. Nf3 Nxe4 5. Nc3 Nf6 6. d4 Be7 7. h3 0-0 8. Bd3 Re8 9. 0-0 b6 10. Nh4 Bb7 11. Nf5 Bf8 12. Bb5 Re6 13. Bg5 h6 14. Bh4 a6 15. d5 Re5 16. Bd3 g6 17. f4 Re8 18. Nd4 c5 19. dxc6 Nxc6 20. Be4 Rc8 21. Bxc6 Bxc6 22. Nxc6 Rxc6 23. Nd5 Bg7 24. Qd3 b5 25. Rae1 g5 26. fxg5 Rxe1 27. Bxe1 hxg5 28. Bc3 Nxd5 29. Qxd5 Bxc3 30. Rxf7 Qb6+ 31. Kh1 Qd4 32. Qe6 1-0

[Event "Tamil Nadu IM 27th"]
[Site "Coimbatore"]
[Date "2024.09.10"]
[Round "6"]
[White "Dinesh, Rajan M"]
[Black "Manik, Mikulas"]
[Result "1-0"]
[WhiteElo "2258"]
[BlackElo "2316"]
[PlyCount "61"]
[EventDate "2024.09.07"]
[EventType "tourn"]
[EventRounds "9"]
[EventCountry "IND"]
[EventCategory "1"]
[SourceTitle "EXT 2025"]
[Source "ChessBase"]
[SourceDate "2024.10.14"]
[SourceVersion "1"]
[SourceVersionDate "2024.10.14"]
[SourceQuality "1"]

1. e4 c5 2. Nf3 d6 3. d4 cxd4 4. Nxd4 Nf6 5. Nc3 g6 6. Be3 a6 7. Be2 Bg7 8. Qd2 h5 9. f3 Bd7 10. Nd5 Nxd5 11. exd5 a5 12. 0-0 a4 13. b4 axb3 14. axb3 Rxa1 15. Rxa1 0-0 16. Ra7 Qc8 17. Qb4 b5 18. c3 Na6 19. Qa5 Nc5 20. Bxb5 Nxb3 21. Nxb3 Bxb5 22. Qxb5 Qxc3 23. Bf2 Bf6 24. Ra1 Rc8 25. Rd1 Rc4 26. Nd2 Rb4 27. Qf1 Bd4 28. Ne4 Bxf2+ 29. Qxf2 Qe5 30. Qd2 Rb2 31. Qc3 1-0

[Event "Tamil Nadu IM 26th"]
[Site "Coimbatore"]
[Date "2024.09.05"]
[Round "9"]
[White "Manik, Mikulas"]
[Black "Daakshin, Arun"]
[Result "1/2-1/2"]
[WhiteElo "2320"]
[BlackElo "2290"]
[PlyCount "61"]
[EventDate "2024.08.30"]
[EventType "tourn"]
[EventRounds "9"]
[EventCountry "IND"]
[EventCategory "2"]
[SourceTitle "EXT 2025"]
[Source "ChessBase"]
[SourceDate "2024.10.14"]
[SourceVersion "1"]
[SourceVersionDate "2024.10.14"]
[SourceQuality "1"]

1. e4 c5 2. Nf3 d6 3. d4 cxd4 4. Nxd4 Nf6 5. Nc3 a6 6. Rg1 b5 7. a4 b4 8. Nd5 Nxd5 9. exd5 Bb7 10. Nf5 Qc7 11. Bd2 Bxd5 12. Bxb4 Be4 13. Bd3 Bxf5 14. Bxf5 e6 15. Bd3 d5 16. Qd2 Qe5+ 17. Kf1 Qxb2 18. Bc3 Qb7 19. Re1 Nd7 20. g4 Nc5 21. Rg3 Qc6 22. f4 Rd8 23. f5 d4 24. Ba5 Rc8 25. fxe6 fxe6 26. Rh3 Bd6 27. Kg1 Bf8 28. Rf1 Bd6 29. Re1 Bf8 30. Rf1 Bd6 31. Re1 1/2-1/2

[Event "Tamil Nadu IM 26th"]
[Site "Coimbatore"]
[Date "2024.09.02"]
[Round "5"]
[White "Annageldyev, Orazly"]
[Black "Manik, Mikulas"]
[Result "1/2-1/2"]
[WhiteElo "2271"]
[BlackElo "2320"]
[PlyCount "86"]
[EventDate "2024.08.30"]
[EventType "tourn"]
[EventRounds "9"]
[EventCountry "IND"]
[EventCategory "2"]
[SourceTitle "EXT 2025"]
[Source "ChessBase"]
[SourceDate "2024.10.14"]
[SourceVersion "1"]
[SourceVersionDate "2024.10.14"]
[SourceQuality "1"]

1. d4 Nf6 2. Nf3 g6 3. g3 Bg7 4. Bg2 0-0 5. 0-0 c5 6. d5 b5 7. a4 b4 8. c4 bxc3 9. Nxc3 d6 10. h3 Ba6 11. Re1 Nbd7 12. e4 Rb8 13. Nb5 Bxb5 14. axb5 Rxb5 15. Rxa7 Qb6 16. Ra4 Ne8 17. Bf1 Rb4 18. Rxb4 Qxb4 19. Bg5 Bf6 20. Bxf6 exf6 21. Qe2 Nc7 22. Kg2 Kg7 23. Qd2 Rb8 24. Qxb4 Rxb4 25. Nd2 Ne5 26. b3 Rd4 27. Nc4 Nxc4 28. Bxc4 Na8 29. Kf3 Nb6 30. Rc1 Nxc4 31. bxc4 f5 32. exf5 gxf5 33. Ke3 f4+ 34. gxf4 Kf6 35. Ra1 Rxc4 36. Ra6 Kf5 37. Rxd6 Rc3+ 38. Ke2 Ke4 39. Rf6 Kxd5 40. Rxf7 Rxh3 41. f5 c4 42. f6 Rh6 43. Rd7+ Ke5 1/2-1/2